Statistics for Walk the Border of India from Gujarat in the West, Clockwise: Name the Countries

Click here to take the quiz!

General Stats

  • This quiz has been taken 73 times
    (40 since last reset)
  • The average score is 8 of 10

Answer Stats

Hint Answer % Correct
India - WPakistan
97%
EChina
92%
NAfghanistan
89%
SENepal
81%
EChina
76%
SBhutan
76%
EChina
70%
WBangladesh
70%
SMyanmar
65%
E (Finish)India
59%

Score Distribution

Percentile by Number Answered

Percent of People with Each Score

Your Score History

You have not taken this quiz since the last reset